All 2015 ATP Tournament Finals - Statistics

General Stats
  • This quiz has been taken 34 times
    21 since last reset
  • The average score is 90 of 132
Answer Stats
Tournament Category Finalists % Correct
F Andy Murray
100%
F Andy Murray
100%
Madrid Masters 1000 W Andy Murray
100%
Montreal Masters 1000 W Andy Murray
100%
F Andy Murray
100%
Queen‘s Club ATP 500 W Andy Murray
100%
Munich ATP 250 W Andy Murray
100%
Nice ATP 250 W Dominic Thiem
100%
Umag ATP 250 W Dominic Thiem
100%
Gstaad ATP 250 W Dominic Thiem
100%
F Kei Nishikori
100%
Barcelona ATP 500 W Kei Nishikori
100%
Washington ATP 500 W Kei Nishikori
100%
Memphis ATP 250 W Kei Nishikori
100%
Australian Open Grand Slam W Novak Djokovic
100%
F Novak Djokovic
100%
Wimbledon Grand Slam W Novak Djokovic
100%
US Open Grand Slam W Novak Djokovic
100%
Indian Wells Masters 1000 W Novak Djokovic
100%
Miami Masters 1000 W Novak Djokovic
100%
Monte Carlo Masters 1000 W Novak Djokovic
100%
Rome Masters 1000 W Novak Djokovic
100%
F Novak Djokovic
100%
F Novak Djokovic
100%
Shanghai Masters 1000 W Novak Djokovic
100%
Paris Masters 1000 W Novak Djokovic
100%
London ATP Finals W Novak Djokovic
100%
F Novak Djokovic
100%
Beijing ATP 500 W Novak Djokovic
100%
F Rafael Nadal
100%
Hamburg ATP 500 W Rafael Nadal
100%
F Rafael Nadal
100%
F Rafael Nadal
100%
Buenos Aires ATP 250 W Rafael Nadal
100%
Stuttgart ATP 250 W Rafael Nadal
100%
Roland Garros Grand Slam W Stan Wawrinka
100%
Rotterdam ATP 500 W Stan Wawrinka
100%
Tokyo ATP 500 W Stan Wawrinka
100%
Chennai ATP 250 W Stan Wawrinka
100%
F Gaël Monfils
94%
F Jo-Wilfried Tsonga
94%
Metz ATP 250 W Jo-Wilfried Tsonga
94%
F Roger Federer
94%
F Roger Federer
94%
F Roger Federer
94%
F Roger Federer
94%
Cincinnati Masters 1000 W Roger Federer
94%
F Roger Federer
94%
Dubai ATP 500 W Roger Federer
94%
Halle ATP 500 W Roger Federer
94%
Basel ATP 500 W Roger Federer
94%
Brisbane ATP 250 W Roger Federer
94%
Istanbul ATP 250 W Roger Federer
94%
Moscow ATP 250 W Marin Čilić
88%
F Milos Raonic
88%
St. Petersburg ATP 250 W Milos Raonic
88%
Rio de Janeiro ATP 500 W David Ferrer
82%
Acapulco ATP 500 W David Ferrer
82%
Vienna ATP 500 W David Ferrer
82%
Doha ATP 250 W David Ferrer
82%
Kuala Lumpur ATP 250 W David Ferrer
82%
F John Isner
82%
Atlanta ATP 250 W John Isner
82%
F Tomáš Berdych
82%
F Tomáš Berdych
82%
F Tomáš Berdych
82%
Shenzhen ATP 250 W Tomáš Berdych
82%
Stockholm ATP 250 W Tomáš Berdych
82%
Marseille ATP 250 W Gilles Simon
76%
F Gilles Simon
76%
F Nick Kyrgios
76%
Montpellier ATP 250 W Richard Gasquet
76%
Estoril ATP 250 W Richard Gasquet
76%
F Fabio Fognini
71%
F Fabio Fognini
71%
Delray Beach ATP 250 W Ivo Karlović
59%
F Ivo Karlović
59%
F Philipp Kohlschreiber
59%
Kitzbühel ATP 250 W Philipp Kohlschreiber
59%
F Roberto Bautista Agut
59%
F Roberto Bautista Agut
59%
F Benoît Paire
53%
Båstad ATP 250 W Benoît Paire
53%
F David Goffin
53%
F David Goffin
53%
Houston ATP 250 W Jack Sock
53%
F Jack Sock
53%
F Kevin Anderson
53%
F Kevin Anderson
53%
Winston-Salem ATP 250 W Kevin Anderson
53%
F Sam Querrey
53%
F Sam Querrey
53%
F Andreas Seppi
47%
F Andreas Seppi
47%
F Tommy Robredo
47%
F Adrian Mannarino
41%
F Adrian Mannarino
41%
F Feliciano López
41%
F Feliciano López
41%
Zagreb ATP 250 W Guillermo García López
41%
Bucharest ATP 250 W Guillermo García López
41%
F Guillermo García López
41%
São Paulo ATP 250 W Pablo Cuevas
41%
F Pablo Cuevas
41%
Nottingham ATP 250 W Denis Istomin
35%
Sydney ATP 250 W Viktor Troicki
35%
F Viktor Troicki
35%
F Juan Mónaco
29%
F Leonardo Mayer
29%
Newport ATP 250 W Rajeev Ram
29%
Bogotá ATP 250 W Bernard Tomic
24%
F Marcos Baghdatis
24%
‘s-Hertogenbosch ATP 250 W Nicolas Mahut
24%
F Steve Johnson
24%
Geneva ATP 250 W Thomaz Bellucci
24%
Quito ATP 250 W Víctor Estrella Burgos
24%
F João Sousa
18%
F João Sousa
18%
F João Sousa
18%
Valencia ATP 250 W João Sousa
18%
Casablanca ATP 250 W Martin Kližan
18%
F Pablo Andújar
18%
F Jerzy Janowicz
12%
F Mikhail Kukushkin
12%
F Pierre-Hugues Herbert
12%
F Aljaž Bedene
6%
F Daniel Gimeno Traver
6%
F Donald Young
6%
Auckland ATP 250 W Jiří Veselý
6%
F Jiří Veselý
6%
F Paul-Henri Mathieu
6%
F Luca Vanni
0%
No matching quizzes found
Score Distribution
Percent of People with Each Score
Percentile by Number Answered
Your Score History
You have not taken this quiz since the last reset